Fourth general election in India / (Record no. 41967)
[ view plain ]
| 000 -LEADER | |
|---|---|
| fixed length control field | 01004nam a2200277 a 4500 |
| 001 - CONTROL NUMBER | |
| control field | 41967 |
| 003 - CONTROL NUMBER IDENTIFIER | |
| rucl marc code | BD-RjUL |
| 005 - DATE AND TIME OF LATEST TRANSACTION | |
| control field | 20211209053457.0 |
| 008 - FIXED-LENGTH DATA ELEMENTS--GENERAL INFORMATION | |
| fixed length control field | 160608m19681970ii b 001 0 eng d |
| 035 ## - SYSTEM CONTROL NUMBER | |
| System control number | (BD-RjUL)42085 |
| 040 ## - CATALOGING SOURCE | |
| Original cataloging agency | DLC |
| Transcribing agency | DLC |
| Modifying agency | BD-RjUL |
| Language of cataloging | eng |
| 041 ## - LANGUAGE CODE | |
| Language code of text/sound track or separate title | eng |
| 082 ## - DEWEY DECIMAL CLASSIFICATION NUMBER | |
| Classification number | 329.00954 |
| Edition number | 19 |
| Author mark and year | FOU 1970 |
| 245 00 - TITLE STATEMENT | |
| Title | Fourth general election in India / |
| Statement of responsibility, etc. | editors, S.P. Varma, Iqbal Narain ; associate editors, C.P. Bhambhri ... [et al.]. |
| 260 ## - PUBLICATION, DISTRIBUTION, ETC. (IMPRINT) | |
| Place of publication, distribution, etc. | Bombay : |
| Name of publisher, distributor, etc. | Orient Longmans, |
| Date of publication, distribution, etc. | 1968-1970. |
| 300 ## - PHYSICAL DESCRIPTION | |
| Pagination | 2 v. ; |
| Size | 25 cm |
| 500 ## - GENERAL NOTE | |
| General note | "Originally formed a special number of the Political science review." |
| 504 ## - BIBLIOGRAPHY, ETC. NOTE | |
| Bibliography, etc | Bibliographical footnotes |
| 505 0# - FORMATTED CONTENTS NOTE | |
| Formatted contents note | v. 1. Political surveys.--v. 2. Fourth general election and political development in India |
| 650 #0 - SUBJECT ADDED ENTRY--TOPICAL TERM | |
| Topical term or geographic name as entry element | Elections |
| Geographic subdivision | India |
| 9 (RLIN) | 128381 |
| 700 1# - ADDED ENTRY--PERSONAL NAME | |
| Personal name | Varma, S. P. |
| Fuller form of name | (Shanti Prasad), |
| Dates associated with a name | 1910- |
| Personal name | Narain, Iqbal. |
| Personal name | Bhambhri, Chandra Prakash. |
| 942 ## - ADDED ENTRY ELEMENTS (KOHA) | |
| Source of classification or shelving scheme | Dewey Decimal Classification |
| Koha item type | Books |
| Lost status | Source of classification or shelving scheme | Damaged status | Not for loan | Collection code | Permanent Location | Current Location | Shelving location | Date acquired | Source of acquisition | Total Checkouts | Full call number | Date last seen | Copy number | Koha item type |
|---|---|---|---|---|---|---|---|---|---|---|---|---|---|---|
| Dewey Decimal Classification | Non-fiction | Central Library, University of Rajshahi | Central Library, University of Rajshahi | Electronic Books | 10/07/1974 | India Govt. | 329.00954 FOU V-2 1970 | 08/06/2016 | C-2 | Books | ||||
| Dewey Decimal Classification | Non-fiction | Central Library, University of Rajshahi | Central Library, University of Rajshahi | 10/07/1974 | India Govt. | 329.00954 FOU V-1 1970 | 08/06/2016 | C-2 | Books |